| 000 | 00920nam0a2200277 4500 | ||
|---|---|---|---|
| 001 | RU\NLR\BIBL_A\022519922 | ||
| 005 | 20250810081353.0 | ||
| 035 | _a(NLR Aleph) 022519922 | ||
| 090 |
_a13397718 _c13397718 |
||
| 100 | _a20250411d1945 m y0rusy50 ca | ||
| 101 | 1 |
_atuk _crus |
|
| 102 | _aTM | ||
| 105 | _ay z 000 y | ||
| 181 | 0 |
_ai _baxxe |
|
| 182 | 0 | _an | |
| 200 | 1 |
_aТүркменистанда батат агротехникасы _fА.Н. Любимов |
|
| 203 |
_aТекст _bвизуальный _cнепосредственный |
||
| 210 |
_aАшгабат _cТүркмендөвлетнешир _d1945 |
||
| 215 |
_a25, [1] с. _d14 |
||
| 541 | 1 |
_aАгротехника батата в Туркмении _zrus |
|
| 700 | 1 |
_aЛюбимов _bА.Н. _4070 |
|
| 942 | _cBOOK | ||
| 945 | _aРоссийская национальная библиотека | ||
| 980 | _aBV | ||
| 980 | _aNB | ||